00747nam a2200241 a 4500001001300000003000900013005001700022008004100039020002600080082001700106100002100123245005100144260005200195300000900247500003500256505001000291650003300301700002100334902000800355942000700363952011800370999001700488nice12345678IN_TiNIC20260116013607.0050524s1989 bera grp 000 0 eng  a0520429 c340.5500a956.704bALK aAl-Khalil, Samir aRepublic of Fearb the Politics of Modern Iraq aBerkeleybUniversity of California Press c1989 a310p aincludes index and biblioraphy2 aIndex aIraq-Politics and Government1 aAl-Khalil, Samir bSRS cBK 001040708StackRoom-aHMIbHMId2007-05-30g340.55l0o956.704 ALKp015172r2007-05-30v340.55w2005-05-24yBK c11590d11590